000
00345nam a2200157Ia 4500
003
OSt
005
20240412150700.0
008
170524s9999 xx 000 0 und d
020
_a
978-0136156734
040
_c
iimtu
100
_a
Ogatakatsuhiko
245
0
_a
Modern Control Engineering
260
_b
Wiley
260
_c
2006
942
_2
ddc
_c
02
999
_c
5608
_d
5608